Piscicultura y eutrofización: regulación de cultivos pisicolas en jaulas flotantes

Сохранить в:
Библиографические подробности
Главные авторы: Torres Pérez, Marta de (Автор), Meléndez Robledillo, José M (Автор)
Формат:
Язык:испанский
Опубликовано: Madrid Ministerio de Agricultura, Pesca y Alimentación 1988
Предметы:
Метки: Добавить метку
Нет меток, Требуется 1-ая метка записи!

MARC

LEADER 00000nam a2200000 a 4500
001 UCR0460
003 CL-VaPUC
008 971205e19880000SP |||||||||||||||||spa|d
082 0 4 |a 639.31  |b TOR  |2 21 
100 0 |a Torres Pérez, Marta de  |e author  |9 396133 
700 0 |a Meléndez Robledillo, José M  |e author  |9 396134 
245 1 0 |a Piscicultura y eutrofización: regulación de cultivos pisicolas en jaulas flotantes 
300 |a 94 p 
942 |c BK 
945 |d 19971205 00:00:00  |a rleighto 
260 |a Madrid  |b Ministerio de Agricultura, Pesca y Alimentación  |c 1988 
650 7 |a PISCICULTURA  |2 CL-VaPUC  |9 259974 
650 0 |a Acuicultura  |9 258883 
650 7 |a ESTANQUES DE PECES  |2 CL-VaPUC  |9 261533 
650 0 |a Peces de agua dulce   |9 261578 
650 7 |a CULTIVOS DE PECES  |2 CL-VaPUC  |9 396135 
650 7 |a EMBALSE  |2 CL-VaPUC  |9 353570 
650 7 |a PRODUCCION COMERCIAL  |2 CL-VaPUC  |9 393990 
583 |a last modification  |c 19971205 00:00:00  |k Rodrigo Vera 
999 |c 263976  |d 263974 
952 |0 0  |1 0  |4 0  |6 639_310000000000000_TOR_1988  |7 0  |8 CCM  |9 293522  |a BIBCUR  |b BIBCUR  |d 2019-11-19  |i 3378624  |o 639.31 TOR 1988  |p 3378624  |r 2025-04-22  |w 2019-11-19  |y BK  |k CIM 
952 |0 0  |1 0  |4 0  |6 639_310000000000000_TOR_1988  |7 0  |8 CCM  |9 293523  |a BIBCUR  |b BIBCUR  |d 2019-11-19  |i 3497011  |o 639.31 TOR 1988  |p 3497011  |r 2025-04-22  |w 2019-11-19  |y BK  |k CIM